| 000 | 00603nam a2200229Ia 4500 | ||
|---|---|---|---|
| 003 | OSt | ||
| 005 | 20220926021521.0 | ||
| 006 | a|||||r|||| 00| 0 | ||
| 007 | ta | ||
| 008 | 220923b |||||||| |||| 00| 0 eng d | ||
| 037 | _cGeneral Book | ||
| 040 |
_aRTL _cRTL _beng |
||
| 041 |
_2eng _aeng |
||
| 082 | _aX655:(Z), M8;N2/GD | ||
| 110 |
_aUNCTC _9326053 |
||
| 245 | 0 | _aBilateral Investment Treaties. | |
| 260 |
_aNew York _bUnited Nation _c1959 |
||
| 300 |
_a46p. _ccm. |
||
| 700 |
_aUNCTC _9326054 |
||
| 942 |
_hX655:(Z), M8;N2/GD _cGB _2CC |
||
| 999 |
_c637001 _d637001 |
||